Some Remarks on Russian Polonophobia

Titel: Some Remarks on Russian Polonophobia : Poles and Lithuanians in Muscovite Sources from the Livonian War to the Mid-17th Century
Verfasser:
In: ˜Dasœ Bild des Feindes, (2013), Seite 163-173
alle Artikel anzeigen
Veröffentlicht: 2013
Format: Aufsatz
Sprache: Englisch
Schlagworte:
Kein Bild verfügbar
X
alg: 39150130
001A    $01999:11-11-16 
001B    $03025:13-03-26 $t15:44:15.000 
001D    $01999:11-11-16 
001U    $0utf8 
001X    $00 
002@    $0Aox 
003@    $0391501305 
007A    $0391501305 $aHEB 
007T    $0Herdc0102217m 
010@    $aeng 
011@    $a2013 
021A    $aSome Remarks on Russian Polonophobia $dPoles and Lithuanians in Muscovite Sources from the Livonian War to the Mid-17th Century 
028A    $aSashalmi $dEndre 
031A    $h163-173 $j2013 
039B    $aIn $8--Aau--. Das @Bild des Feindes. - Berlin : Mann, 2013. - 512 Seiten. - Illustrationen. - ISBN 978-3-7861-2684-3 $x201300000000000837 $9320781607 
044K    $RKrieg $#Livonskaja vojna $74167979-9 $8Livländischer Krieg [Ts1] $9085760803 
045F    $a909 $eDDC23BSB 
045F/01 $a909 
045F/03 $g4793 
045F/03 $g438 
045F/03 $g4796 

lok: 39150130 78

exp: 39150130 78 1 #EPN
201B/01 $003-04-17 $t17:55:05.000 
201U/01 $0utf8 
203@/01 $0787595454 
208@/01 $a11-11-16 $be 
209A/01 $a/ $f000 $x00 
220C/01 $aTitelaufnehmer: pg 
220C/01 $aHerkunft: HI Marburg 
244Z/01 $2Trx $#Poola $#Lenkija $#Polija $#Polen Land $#Poland $#Lengyelország $#Poľsko $#Polsko $8--Trx--Polska$gkraj $x01 $9391345966 
244Z/01 $2Trx $#Litauen $#Lithuania $#Litwa $#Litva $#Litva $8--Trx--Lietuva $x02 $9391193457 
244Z/01 $2Trx $#Latvija $#Lettland $#Łotwa $#Lotyšsko $8--Trx--Latvija $x03 $9391275879 
244Z/01 $2Trx $#Moskau Fürstentum $#Moskwa Księstwo $8--Trx--Moskva$gknjažestwo $x04 $9391351982 
244Z/01 $aGeschichte 1558-1650 $x05 
244Z/01 $2Trx $#sõda, liivi, 1558-1583 $#Livonijos karas 1558-1583 $#Livonian war 1558-1583 $#háború, Livóniai 1558-1583 $#wojna inflancka 1558-1583 $#vojna livónska 1558-1583 $#válka livonská 1558-1583 $8--Trx--Krieg, Livländischer$g1558-1583 $x06 $939135843X 
244Z/01 $2Trx $#stereotüübid $#stereotipai $#Stereotypes $#sztereotipiák $#stereotypy $#stereotypy $#stereotypy $#Imagologie $#Fremdwahrnehmung $#Fremdenwahrnehmung $#imagologia $#imagológia $#imagologie $8--Trx--Stereotype $x07 $9391366254 
244Z/01 $2Trx $#suhted, Poola-Vene $#santykiai, lenkų ir rusų $#relations, Polish-Russian $#kapcsolatok, lengyel-orosz $#stosunki polsko-rosyjskie $#vzťahy poľsko-ruské $#vztahy polsko-ruské $8--Trx--Beziehungen, polnisch-russische $x08 $9391366793 
244Z/01 $2Trx $8--Trx--Einzelbeiträge $x09 $9391384570 
245Z/01 $a07.07 $x01 
247C/01 $82080>Marburg/Lahn, Herder-Institut, Forschungsbibliothek, Bibliographieportal $9336309341
LEADER 00000caa a22000002c 4500
001 391501305
003 DE-603
005 20260313154415.0
007 tu
008 161111s2013 xx |||| | u00||u|eng c
035 |a (DE-599)HEB391501305 
040 |a DE-603  |b ger  |c DE-603  |d DE-603 
041 |a eng 
082 0 4 |8 1\u  |a 909  |q DE-101  |2 23/BSB 
085 |8 1\u  |b 909 
085 |8 1\u  |z 2  |s 4793 
085 |8 1\u  |z 2  |s 438 
085 |8 1\u  |z 2  |s 4796 
100 1 |a Sashalmi, Endre 
245 0 0 |a Some Remarks on Russian Polonophobia  |b Poles and Lithuanians in Muscovite Sources from the Livonian War to the Mid-17th Century 
264 0 |c 2013 
650 7 |a Livländischer Krieg  |0 (DE-588)4167979-9  |0 (DE-603)085760803  |2 gnd 
773 0 8 |i In  |t ˜Dasœ Bild des Feindes  |d Berlin : Mann, 2013  |h 512 Seiten, Illustrationen  |z 9783786126843  |z 3786126844  |g (2013), Seite 163-173  |w (DE-603)320781607 
924 0 |9 2080  |a (DE-603)787595454  |b DE-2080  |c HES  |d d  |g /